Tablice rejestracyjne województwa kujawsko-pomorskiego - Statystyki

Ogólne statystyki
  • Ten quiz został rozwiązany 411 razy
  • Średni wynik to 21 z 23
Statystyki odpowiedzi
Powiat Wyróżnik % Poprawnych
Bydgoszcz CB
99%
Grudziądz CG
96%
Toruń CT
96%
Włocławek CW
96%
Powiat aleksandrowski CAL
95%
Powiat brodnicki CBR
95%
Powiat bydgoski CBY
95%
Powiat golubsko-dobrzyński CGD
95%
Powiat inowrocławski CIN
95%
Powiat lipnowski CLI
94%
Powiat grudziądzki CGR
93%
Powiat rypiński CRY
93%
Powiat toruński CTR
93%
Powiat tucholski CTU
93%
Powiat chełmiński CCH
92%
Powiat nakielski CNA
92%
Powiat włocławski CWL
92%
Powiat mogileński CMG
91%
Powiat radziejowski CRA
91%
Powiat świecki CSW
91%
Powiat wąbrzeski CWA
91%
Powiat żniński CZN
91%
Powiat sępoleński CSE
89%
Nie znaleziono quizów pasujących do podanych kryteriów
Rozkład punktacji
Procent ludzi z każdym wynikiem
Percentyl według liczby udzielonych odpowiedzi
Twoja historia wyników
Nie rozwiązałeś tego quizu